000 00667nam a2200253Ia 4500
003 OSt
005 20221006142323.0
006 a|||||r|||| 00| 0
007 ta
008 221006b |||||||| |||| 00| 0 eng d
020 _c395.00
024 _a6,056
037 _cTextual
040 _aEASL
_cEASL
_beng
041 _2eng
_aeng
082 _aV42.N90, N1
100 _aSIMS R L
_9647390
245 0 _aPolitical history of modern Japan
_b 1868-1952
260 _aNew Delhi
_bVikas Publishing House Pvt. Ltd.
_c1991
300 _a358p.
_ccm.
490 _v JEL
942 _hV42.N90, N1
_cTEXL
_2CC
999 _c1074142
_d1074142